Informe
Enregistré dans:
| Auteur principal: | |
|---|---|
| Format: | Livre |
| Langue: | espagnol |
| Publié: |
Ciudad de México
CONASUPO
1971
|
| Sujets: | |
| Tags: |
Ajouter un tag
Pas de tags, Soyez le premier à ajouter un tag!
|
MARC
| LEADER | 00000nam a2200000 a 4500 | ||
|---|---|---|---|
| 001 | UCI4875 | ||
| 003 | CL-VaPUC | ||
| 008 | 080307e19710000MX |||||||||||||||||spa|d | ||
| 082 | 0 | 4 | |a 972 |b ECH |2 21 |
| 100 | 0 | |a Echeverría, Luis |e author |9 526945 | |
| 245 | 1 | 0 | |a Informe |
| 300 | |a 142 p | ||
| 942 | |c BK | ||
| 945 | |d 20080307 00:00:00 |a rbrito | ||
| 260 | |a Ciudad de México |b CONASUPO |c 1971 | ||
| 500 | |a Donación padres capuchinos | ||
| 600 | 0 | 7 | |a ECHEVERRÍA, LUIS |2 CL-VaPUC |9 526946 |
| 650 | 7 | |a DISCURSOS PRESIDENCIALES |2 CL-VaPUC |9 526947 | |
| 650 | 0 | |a Historia de México |9 321806 | |
| 651 | 0 | |a México |9 255269 | |
| 583 | |a last modification |c 20080307 00:00:00 |k Rodrigo Vera | ||
| 999 | |c 328722 |d 328720 | ||
| 952 | |0 0 |1 0 |4 0 |6 972_000000000000000_ECH_1971 |7 0 |8 X |9 412794 |a FDOBUD |b FDOBUD |d 2019-11-22 |i 440887K |o 972 ECH 1971 |p 440887K |r 2019-11-22 |w 2019-11-22 |y BK_X |k BUD | ||